Most Populous Maine Municipalities by Decade - Statistics

General Stats
  • This quiz has been taken 14 times
  • The average score is 9 of 26
Answer Stats
Hint Answer % Correct
1820 Portland
100%
1930 Augusta
92%
1970 Bangor
85%
2010 Lewiston
85%
South Portland
85%
Auburn
54%
1840 York
46%
1960 Saco
38%
Waterville
38%
1850 Bath
31%
1980 Belfast
31%
1990 Biddeford
31%
1870 Brunswick
31%
2020 Calais
23%
Sanford
23%
1950 Westbrook
23%
1910 Berwick
15%
1860 Bristol
15%
2000 Rockland
15%
Scarborough
15%
1940 Gardiner
8%
1900 Gorham
8%
1880 Hallowell
8%
1920 Thomaston
8%
1830 North Yarmouth
0%
1890 Shapleigh
0%
No matching quizzes found
Score Distribution
Percent of People with Each Score
Percentile by Number Answered
Your Score History
You have not taken this quiz